[Event "POL-chT2 U18 Girls"]
[Site "Augustow"]
[Date "1996.??.??"]
[Round "?"]
[White "Jurkiewicz, Katarzyna"]
[Black "Ryba, J."]
[Result "0-1"]
[WhiteElo "1830"]
[BlackElo "1800"]
[PlyCount "83"]
[EventDate "1996.??.??"]
[EventType "team"]
[EventRounds "10"]
[EventCountry "POL"]
[SourceTitle "EXT 2003"]
[Source "ChessBase"]
[SourceDate "2002.11.25"]
[SourceVersion "1"]
[SourceVersionDate "2002.11.25"]
[SourceQuality "1"]

1. e4 c6 2. d4 d5 3. e5 Bf5 4. Nc3 e6 5. g4 Bg6 6. Nge2 Be7 7. Nf4 Nd7 8. Be3 Qb6 9. Nxg6 hxg6 10. Qd2 Qa5 11. Bd3 Bb4 12. f4 Nh6 13. Rg1 Bxc3 14. Qxc3 Qxc3+ 15. bxc3 Kf8 16. Ke2 Rc8 17. c4 dxc4 18. Bxc4 Nb6 19. Bd3 Ng8 20. Rg2 Ne7 21. Rag1 Ned5 22. Bd2 Ne7 23. a4 Nd7 24. Rb1 Rc7 25. Bb4 Nb6 26. a5 Nbd5 27. Bd2 Nc8 28. Rf2 Nde7 29. Bb4 Rd7 30. f5 gxf5 31. gxf5 Ke8 32. fxe6 fxe6 33. Rd1 Kd8 34. Bc4 Nd5 35. Bd2 Nce7 36. Bg5 Nc3+ 37. Kd2 Ne4+ 38. Ke3 Nxg5 39. Rg2 Nf5+ 40. Kf4 Nh3+ 41. Ke4 Rh4+ 42. Kf3 0-1

[Event "POL-chT2 U18 Girls"]
[Site "Augustow"]
[Date "1996.??.??"]
[Round "?"]
[White "Ryba, J."]
[Black "Pluta, K."]
[Result "1/2-1/2"]
[WhiteElo "1800"]
[BlackElo "1800"]
[PlyCount "81"]
[EventDate "1996.??.??"]
[EventType "team"]
[EventRounds "10"]
[EventCountry "POL"]
[SourceTitle "EXT 2003"]
[Source "ChessBase"]
[SourceDate "2002.11.25"]
[SourceVersion "1"]
[SourceVersionDate "2002.11.25"]
[SourceQuality "1"]

1. d4 d5 2. Nf3 e6 3. e3 Nf6 4. Bd3 c5 5. c3 Nc6 6. Nbd2 Bd6 7. dxc5 Bxc5 8. 0-0 0-0 9. e4 Re8 10. Qc2 h6 11. e5 Nd7 12. Nb3 Bb6 13. Re1 Qc7 14. Bf4 Nc5 15. Nxc5 Bxc5 16. Bg3 a6 17. a4 b6 18. Qd2 a5 19. Bb1 Rd8 20. Qc2 g6 21. Bh4 Be7 22. Bxe7 Qxe7 23. h4 h5 24. Qd3 Kg7 25. Qe3 Rb8 26. Bd3 Rg8 27. Ng5 Qd8 28. Qf4 Rb7 29. Nf3 Rd7 30. Bb5 Bb7 31. Rad1 Rc7 32. Qe3 Rc8 33. Nd2 Ne7 34. Qg5 Nf5 35. Qxd8 Rgxd8 36. Nf3 Bc6 37. Bxc6 Rxc6 38. Nd4 Rc4 39. Nxf5+ gxf5 40. Rd4 Rdc8 41. Red1 1/2-1/2